[Event "Santpedor op 5th"]
[Site "Santpedor"]
[Date "2001.??.??"]
[Round "4"]
[White "Pinero Casoliba, Lluis"]
[Black "Cots Estany, Jordi"]
[Result "1-0"]
[WhiteElo "1775"]
[BlackElo "1740"]
[PlyCount "33"]
[EventDate "2001.09.14"]
[EventType "swiss"]
[EventRounds "7"]
[EventCountry "ESP"]
[SourceTitle "EXT 2003"]
[Source "ChessBase"]
[SourceDate "2002.11.25"]
[SourceVersion "1"]
[SourceVersionDate "2002.11.25"]
[SourceQuality "1"]

1. e4 e5 2. Nf3 Nc6 3. d4 Nf6 4. d5 Ne7 5. Nxe5 Nxe4 6. Nc4 c6 7. f3 cxd5 8. fxe4 dxc4 9. Bxc4 f5 10. exf5 Nxf5 11. 0-0 Bc5+ 12. Kh1 Ne3 13. Qh5+ g6 14. Qe5+ Qe7 15. Qxh8+ Qf8 16. Rxf8+ Bxf8 17. Qe5+ 1-0